| 000 | 02334nam a2200445 a 4500 | ||
|---|---|---|---|
| 003 | CHAP | ||
| 005 | 20250128184438.0 | ||
| 007 | ta | ||
| 008 | 190523s2018 mx abdofr| ||1|||spa d | ||
| 020 | _a978-607-533-005-1 | ||
| 040 |
_amxchpua _cCHAP |
||
| 050 | 1 | 0 |
_aC S451.7 _b.S46 2018 |
| 082 | 0 | 0 |
_aC 630.972 _bS46 2018 _220 |
| 110 | 1 |
_9125420 _aServicio Nacional de Sanidad, Inocuidad y Calidad Agroalimentaria |
|
| 245 | 1 | 0 |
_aSENASICA : _bmás de una década de evolución 2007-2018 / _cServicio Nacional de Sanidad, Inocuidad y Calidad Agroalimentaria |
| 250 | _a1a edición | ||
| 260 |
_aCiudad de México : _bServicio de Información Agroalimentaria y Pesquera, _c2018. |
||
| 264 |
_aMéxico : _bSAGARPA . Servicio Nacional de Sanidad, Inocuidad y Calidad Agroalimentaria _c2018 |
||
| 300 |
_a205 páginas : _bilustraciones, gráficas y fotos |
||
| 336 |
_2rdacontent _atexto _btxt |
||
| 337 |
_2rdamedia _asinmedia _bn |
||
| 338 |
_2rdacarrier _avolumen _bnc |
||
| 505 | 2 | _aSENASICA 2007-2018: más de una década de evolución -- En el principio fue la sanidad -- Evolución de la infraestructura sanitaria en México -- Evolución de las capacidades del SENASICA y actores de la cadena alimentaria -- Evolución de los procedimientos del SENASICA -- Evolución de los actos de gobierno del SENASICA -- Evolución de la relevancia social, institucional y comercial del SENASICA -- Evolución de la cultura sanitaria en México -- Prospectiva | |
| 650 | 1 | 3 |
_aInocuidad alimentaria _zMéxico _958836 |
| 650 | 1 | 3 |
_aARPCC _zMéxico _9155065 |
| 650 | 1 | 3 |
_aInspección de los alimentos _zMéxico _9154833 |
| 650 | 1 | 3 |
_aEvaluación sensorial de los alimentos _zMéxico _9147007 |
| 650 | 1 | 3 |
_aFood safety _xMexico _9148388 |
| 650 | 1 | 3 |
_aHACCP _zMexico _9142969 |
| 650 | 1 | 3 |
_aFood inspection _zMexico _9154832 |
| 650 | 1 | 3 |
_aSensory evaluation _zMexico _9147012 |
| 650 | 1 | 0 |
_aInocuidad alimentaria _9162256 _xNormas |
| 650 | 1 | 0 |
_aAlimentos _xAnálisis _9139421 |
| 651 | 1 | 3 |
_9186547 _aMéxico _xInocuidad alimentaria |
| 651 | 1 | 3 |
_9186547 _aMéxico _xFood safety |
| 710 | 0 |
_aMéxico. Secretaría de Agricultura, Ganadería, Desarrollo Rural, Pesca y Alimentación _977148 _bServicio Nacional de Sanidad, Inocuidad y Calidad Agroalimentaria (SENASICA) |
|
| 901 | _a630.972 P36 2019 | ||
| 942 | _2ddc | ||
| 942 | _cLIBRO | ||
| 999 |
_c218584 _d218584 |
||